00779cam a22001934a 4500020001500000040000800015082002900023100002400052245005500076260004800131300003400179650001500213856006000228856006700288856005900355942000700414999001700421952014700438 a0471428124 cDLC00a332 JOH 2004 A012 Or.aB1 aTreaster, Joseph B.10aPaul Volcker :bthe making of a financial legend / aHoboken, N.J. :bJohn Wiley & Sons,cc2004. axii, 244 p. :bill. ;c24 cm. 0aEconomists42uhttp://www.loc.gov/catdir/bios/wiley047/2004000250.html42uhttp://www.loc.gov/catdir/description/wiley041/2004000250.html41uhttp://www.loc.gov/catdir/toc/ecip0413/2004000250.html cEK c13924d13924 0010406332_000000000000000_JOH_2004_A012_OR70965511aLBAbLBAcA012d2017-10-03o332 JOH 2004 A012 Or.pA13677r2017-10-03w2017-10-03yEK